Sports Quiz

Random Sports or Soccer Quiz
Score 0/23 Timer 08:00
0 Plays Today
Jersey # Player Name % Correct
1Tim Howard
97.3%
10Landon Donovan
97.3%
8Clint Dempsey
89.2%
17Jozy Altidore
83.8%
3Carlos Bocanegra
81.1%
4Michael Bradley
81.1%
5Oguchi Onyewu
73%
18Brad Guzan
67.6%
19Maurice Edu
64.9%
9Hercules Gomez
62.2%
7DaMarcus Beasley
59.5%
6Steve Cherundolo
56.8%
Jersey # Player Name % Correct
14Edson Buddle
54.1%
2Johnathan Spector
45.9%
13Ricardo Clark
45.9%
20Robbie Findley
45.9%
12Johnathan Bornstein
43.2%
23Marcus Hahnemann
43.2%
15Jay DeMerit
40.5%
16Jose Torres
40.5%
21Clarence Goodson
40.5%
22Benny Feilhaber
40.5%
11Stuart Holden
37.8%
Remove Ads.
Support Sporcle.
Get the best of Sporcle when you Go Orange. This ad-free experience offers more features, more stats, and more fun while also helping to support Sporcle. Thank you for becoming a member.

You're not logged in!

Compare scores with friends on all Sporcle quizzes.
OR
Log In

Sporcle TV

Today on Sporcle TV


Watch our educational content, quiz creation guides, and fun videos on Sporcle TV.

Show Comments

Extras

Top Quizzes Today


Score Distribution

Paid Content

Your Account Isn't Verified!

In order to create a playlist on Sporcle, you need to verify the email address you used during registration. Go to your Sporcle Settings to finish the process.

Report this User

Report this user for behavior that violates our Community Guidelines.

Details: